[Event "WA Class 2006 - B Section"]
[Site "Seattle"]
[Date "2006.11.26"]
[Round "5"]
[White "Warrier, Krishnan V"]
[Black "Kelly, Brian"]
[Result "1-0"]
[WhiteElo "1623"]
[BlackElo "1697"]
[PlyCount "48"]
[EventDate "2006.11.??"]
[Source "Drayton Harriso"]
[SourceDate "2006.12.04"]

1. e4 d5 2. exd5 Nf6 3. d4 Nxd5 4. c4 Nb6 5. Nc3 e5 6. Nf3 Bg4 7. d5 c6 8. Be2
Bxf3 9. Bxf3 Nxc4 10. Qe2 Nb6 11. Qxe5+ Qe7 12. Qxe7+ Bxe7 13. O-O O-O 14. Bf4
Bf6 15. d6 N8d7 16. Rfd1 Nc4 17. Rab1 Be5 18. Bxe5 Ncxe5 19. Be2 f5 20. f4 Nf7
21. Bc4 Rfe8 22. Re1 Nc5 23. Re7 Rf8 24. b4 b5 1-0

[Event "WA Class 2006 - B Section"]
[Site "Seattle"]
[Date "2006.11.24"]
[Round "1"]
[White "Lee, Megan"]
[Black "Xing, Kerry"]
[Result "0-1"]
[WhiteElo "1565"]
[BlackElo "1670"]
[PlyCount "74"]
[EventDate "2006.11.??"]
[Source "Drayton Harriso"]
[SourceDate "2006.12.04"]

1. e4 e6 2. d4 d5 3. e5 c5 4. c3 Nc6 5. Nf3 Qb6 6. a3 c4 7. Be2 Na5 8. Nbd2 Bd7
9. O-O h6 10. h3 O-O-O 11. Qc2 Bc6 12. a4 Kb8 13. Bd1 Rc8 14. b4 cxb3 15. Nxb3
Nc4 16. a5 Qa6 17. Ne1 Bb5 18. Nd3 Ne3 19. Nbc5 Nxc2 20. Nxa6+ Bxa6 21. Bxc2
Rxc3 22. Ne1 Bxf1 23. Kxf1 Ne7 24. Bd2 Rc4 25. Bd3 Rc7 26. a6 Nc6 27. Nf3 Be7
28. axb7 Rxb7 29. Ba6 Rb6 30. Ke2 Bb4 31. Be3 Na5 32. Bd3 Rc8 33. Bd2 Bxd2 34.
Nxd2 Nb3 35. Nxb3 Rxb3 36. Ra6 Rcc3 37. Bh7 Rb2+ 0-1

[Event "WA Class 2006 - B Section"]
[Site "Seattle"]
[Date "2006.11.24"]
[Round "2"]
[White "Xing, Kerry"]
[Black "Kolde, Sterling"]
[Result "1-0"]
[WhiteElo "1670"]
[BlackElo "1595"]
[PlyCount "63"]
[EventDate "2006.11.??"]
[Source "Drayton Harriso"]
[SourceDate "2006.12.04"]

1. d4 Nf6 2. c4 g6 3. Nc3 d5 4. Nf3 Bg7 5. Qb3 dxc4 6. Qxc4 O-O 7. e4 a6 8. Be2
b5 9. Qb3 Bb7 10. e5 Nd5 11. Be3 Nxe3 12. fxe3 c5 13. Rd1 Qc7 14. O-O c4 15.
Qc2 Nd7 16. e4 Nb6 17. a3 e6 18. h3 Rac8 19. Nh2 Nd7 20. Ng4 Qb6 21. Nf6+ Bxf6
22. exf6 e5 23. Bg4 exd4 24. Bxd7 dxc3+ 25. Kh1 Rc7 26. Qxc3 Bxe4 27. Qc1 Kh8
28. Qh6 Rg8 29. Qh4 Qb7 30. Rd4 Bxg2+ 31. Kh2 Bxf1 32. Qxh7+ 1-0

[Event "WA Class 2006 - B Section"]
[Site "Seattle"]
[Date "2006.11.25"]
[Round "4"]
[White "Xing, Kerry"]
[Black "Fletcher, Chris"]
[Result "1-0"]
[WhiteElo "1670"]
[BlackElo "1641"]
[PlyCount "89"]
[EventDate "2006.11.??"]
[Source "Drayton Harriso"]
[SourceDate "2006.12.04"]

1. d4 Nf6 2. c4 e6 3. Nc3 Bb4 4. Qc2 O-O 5. a3 Bxc3+ 6. Qxc3 Ne4 7. Qc2 f5 8.
Nf3 b6 9. e3 Bb7 10. Be2 d6 11. b4 Nd7 12. Bb2 Ndf6 13. h3 Qe8 14. c5 Rc8 15.
Rc1 bxc5 16. dxc5 dxc5 17. bxc5 Bd5 18. Be5 Qe7 19. O-O Rb8 20. Bc4 Rb7 21.
Bxd5 Nxd5 22. c6 Rb5 23. Qa4 Rbb8 24. Bd4 Nb6 25. Qa5 Qf7 26. Ne5 Qh5 27. Nd7
Nxd7 28. cxd7 c5 29. Bxc5 f4 30. exf4 Rfd8 31. Qxa7 Nxc5 32. Rxc5 Ra8 33. Qc7
Qf7 34. Rd1 Qe7 35. Qc8 Rxa3 36. Rc7 Kf7 37. Qb7 Qf6 38. Rc8 Ra1 39. Rxa1 Qxa1+
40. Kh2 Qf6 41. Qc7 e5 42. Qxd8 Qxf4+ 43. Kg1 Qd2 44. Qe8+ Kf6 45. d8=Q+ 1-0

[Event "WA Class 2006 - B Section"]
[Site "Seattle"]
[Date "2006.11.25"]
[Round "3"]
[White "Countryman, Zachary"]
[Black "Xing, Kerry"]
[Result "1-0"]
[WhiteElo "1659"]
[BlackElo "1670"]
[PlyCount "141"]
[EventDate "2006.11.??"]
[Source "Drayton Harriso"]
[SourceDate "2006.12.04"]

1. e4 e6 2. d4 d5 3. Nc3 Bb4 4. e5 c5 5. a3 Bxc3+ 6. bxc3 Ne7 7. Qg4 Qc7 8. Bd2
cxd4 9. Qxd4 Nbc6 10. Bb5 Bd7 11. Qg4 Qxe5+ 12. Ne2 O-O 13. O-O Ng6 14. h4 Qd6
15. Bd3 e5 16. Qg3 f5 17. h5 Nge7 18. c4 dxc4 19. Bxc4+ Be6 20. Bh6 Rf7 21.
Rad1 Bd5 22. Nc3 Qxh6 23. Nxd5 Nxd5 24. Bxd5 Qxh5 25. Bxf7+ Qxf7 26. Rfe1 Re8
27. Rd2 h6 28. Red1 Re7 29. Qh3 Nd4 30. c3 Ne6 31. Rd5 Nf4 32. Rd8+ Kh7 33. Qe3
a6 34. g3 Nh3+ 35. Kg2 Ng5 36. R8d5 Qe8 37. Qc5 Ne4 38. Qc4 Qf7 39. Qd3 Rc7 40.
Rd7 Qa2 41. Qf3 Rxd7 42. Qxf5+ Kh8 43. Rxd7 Nf6 44. Rd8+ Ng8 45. Qxe5 Qc4 46.
Qd5 Qxd5+ 47. Rxd5 Nf6 48. Rd8+ Kh7 49. Rb8 b5 50. Rb6 Nd5 51. Rxa6 Nxc3 52.
Ra5 Kg6 53. Kf3 Kg5 54. Ke3 Kg4 55. Kd3 Nd1 56. Rxb5 Nxf2+ 57. Ke3 Kxg3 58. a4
Ng4+ 59. Kd3 Nf6 60. a5 Ne8 61. a6 Nc7 62. a7 Nxb5 63. a8=Q h5 64. Qb8+ Kh4 65.
Qxb5 g5 66. Ke3 Kg4 67. Ke4 Kh4 68. Qf5 g4 69. Kf4 g3 70. Qg5+ Kh3 71. Qxg3#
1-0

[Event "WA Class 2006 - B Section"]
[Site "Seattle"]
[Date "2006.11.26"]
[Round "6"]
[White "Lee, Nathan"]
[Black "Xing, Kerry"]
[Result "1/2-1/2"]
[WhiteElo "1712"]
[BlackElo "1670"]
[PlyCount "92"]
[EventDate "2006.11.??"]
[Source "Drayton Harriso"]
[SourceDate "2006.12.04"]

1. e4 e6 2. d4 d5 3. e5 c5 4. c3 Nc6 5. Nf3 Qb6 6. Be2 cxd4 7. cxd4 Nh6 8. b3
Nf5 9. Bb2 Bb4+ 10. Kf1 Bd7 11. g4 Nh6 12. h3 Be7 13. Kg2 Rc8 14. Rf1 Nb4 15.
Nc3 a6 16. a3 Nc6 17. Na4 Qa7 18. b4 Nb8 19. Nc3 Qb6 20. Na4 Bxa4 21. Qxa4+ Nd7
22. Rac1 Rxc1 23. Rxc1 Qd8 24. b5 a5 25. b6 O-O 26. Qxa5 Nxb6 27. Kh2 f6 28.
Rc3 fxe5 29. dxe5 Nc4 30. Qxd8 Bxd8 31. Bxc4 dxc4 32. Kg3 b5 33. Nd4 Bb6 34.
Rf3 Bxd4 35. Rxf8+ Kxf8 36. Bxd4 Ke7 37. f4 g6 38. Kf3 Kd7 39. Ke3 Kc7 40. Ke4
Kc6 41. Bc3 Kb6 42. Bb4 Kc6 43. Kd4 Kb6 44. Ke4 Kc6 45. Kd4 Kb6 46. Ke4 Kc6
1/2-1/2

[Event "WA Class 2006 - B Section"]
[Site "Seattle"]
[Date "2006.11.26"]
[Round "5"]
[White "Xing, Kerry"]
[Black "Kolde, Sterling"]
[Result "1-0"]
[WhiteElo "1670"]
[BlackElo "1595"]
[PlyCount "51"]
[EventDate "2006.11.??"]
[Source "Drayton Harriso"]
[SourceDate "2006.12.04"]

1. d4 Nf6 2. c4 g6 3. Nc3 d5 4. Nf3 Bg7 5. Qb3 dxc4 6. Qxc4 O-O 7. e4 Na6 8.
Be2 c5 9. d5 e6 10. O-O exd5 11. exd5 Re8 12. Rd1 b6 13. Qa4 Nc7 14. Bg5 Qd7
15. Qb3 Ne4 16. Bf1 Bb7 17. d6 Nxg5 18. Nxg5 Na6 19. Bb5 Qg4 20. Qxf7+ Kh8 21.
Qxb7 Rf8 22. Nf7+ Rxf7 23. Qxa8+ Rf8 24. Qe4 Rf4 25. Qe2 Qf5 26. d7 1-0

[Event "WA Class 2006 - B Section"]
[Site "Seattle"]
[Date "2006.11.24"]
[Round "1"]
[White "Bailey, Taylor"]
[Black "Yang, Matthew"]
[Result "0-1"]
[WhiteElo "1669"]
[BlackElo "1551"]
[PlyCount "122"]
[EventDate "2006.11.??"]
[Source "Drayton Harriso"]
[SourceDate "2006.12.04"]

1. d4 Nf6 2. Nf3 g6 3. c4 Bg7 4. Nc3 d6 5. e4 O-O 6. Be2 Nbd7 7. O-O c5 8. d5
Re8 9. Bg5 Nf8 10. Qd2 Bd7 11. h3 Qc7 12. Rab1 Rad8 13. Bd3 h5 14. b4 b6 15.
bxc5 dxc5 16. Bf4 Qc8 17. Ne5 N6h7 18. Nxd7 Rxd7 19. a4 e6 20. Rb5 Rb7 21. Rfb1
Nd7 22. Bh6 Bf6 23. Bf4 Bg7 24. R5b3 Qd8 25. Nb5 Ne5 26. Be2 Rd7 27. Bh6 Bh8
28. Qc1 f6 29. Bf4 Nf7 30. Be3 Bg7 31. g4 hxg4 32. dxe6 Rxe6 33. Bxg4 Rxe4 34.
Bxd7 Qxd7 35. Qf1 Nhg5 36. Bxg5 Nxg5 37. Rd1 Qe6 38. Nd6 Rh4 39. Re3 Nxh3+ 40.
Kg2 Nf4+ 41. Kg1 Qg4+ 42. Rg3 Qh5 43. f3 Rh1+ 44. Kf2 Rxf1+ 45. Kxf1 Qh1+ 46.
Kf2 Qxd1 47. Ne4 Nd3+ 48. Kg2 Qe2+ 49. Kh3 Qf1+ 50. Kh2 Ne1 51. Nd2 Qf2+ 52.
Kh3 Qxd2 53. Rxg6 Kf7 54. Rg4 Nxf3 55. Rg2 Qf4 56. Rg3 Ng5+ 57. Kg2 Qxc4 58. a5
Qe2+ 59. Kh1 Nf3 60. Rxg7+ Kxg7 61. axb6 Qh2# 0-1

[Event "WA Class 2006 - B Section"]
[Site "Seattle"]
[Date "2006.11.25"]
[Round "3"]
[White "Yang, Matthew"]
[Black "Schmidt, Martin"]
[Result "1-0"]
[WhiteElo "1551"]
[BlackElo "1760"]
[PlyCount "77"]
[EventDate "2006.11.??"]
[Source "Drayton Harriso"]
[SourceDate "2006.12.04"]

1. d4 Nf6 2. c4 e6 3. Nf3 b6 4. g3 Ba6 5. Qc2 Bb7 6. Bg2 c5 7. O-O Be7 8. b3 d5
9. e3 dxc4 10. bxc4 O-O 11. Bb2 Nbd7 12. Nbd2 cxd4 13. exd4 Qc7 14. Rac1 Rac8
15. Rfe1 Qb8 16. Qb1 Qa8 17. a3 Rfd8 18. h3 Nb8 19. Re3 Nc6 20. Qa1 Na5 21. Kh2
Ne4 22. Nxe4 Bxe4 23. d5 Bxf3 24. Bxf3 Nxc4 25. Rxc4 Rxc4 26. dxe6 Qc8 27.
exf7+ Kxf7 28. Bxg7 Qf5 29. Qa2 b5 30. Bg4 Qc2 31. Be6+ Kxg7 32. Bxc4 Qxa2 33.
Rxe7+ Kf6 34. Rf7+ Kg6 35. Bxa2 Rd2 36. Be6 Re2 37. Bd5 Rd2 38. Rd7 Rxf2+ 39.
Kg1 1-0

[Event "WA Class 2006 - B Section"]
[Site "Seattle"]
[Date "2006.11.26"]
[Round "6"]
[White "Yang, Matthew"]
[Black "Li, Changhe"]
[Result "1-0"]
[WhiteElo "1551"]
[BlackElo "1626"]
[PlyCount "81"]
[EventDate "2006.11.??"]
[Source "Drayton Harriso"]
[SourceDate "2006.12.04"]

1. d4 d5 2. c4 c6 3. Nc3 Nf6 4. Nf3 dxc4 5. e3 b5 6. a4 Nd5 7. Nxd5 Qxd5 8. Be2
Bf5 9. O-O e6 10. Nh4 Bg6 11. Nxg6 hxg6 12. Bf3 Qd6 13. g3 b4 14. Qc2 a5 15.
Qxc4 Be7 16. e4 g5 17. e5 Qd7 18. Be3 O-O 19. Rac1 Ra6 20. Qe2 Rc8 21. Rfd1 Qb7
22. Be4 Nd7 23. Qh5 g6 24. Qg4 Nb6 25. b3 Nd5 26. Bxd5 cxd5 27. Bxg5 Bxg5 28.
Qxg5 Rac6 29. Qd2 Qc7 30. Rb1 Rc3 31. h4 Rc2 32. Qf4 Qc3 33. h5 Rb2 34. Rxb2
Qxb2 35. hxg6 fxg6 36. Qf6 Re8 37. Qxg6+ Kf8 38. Kg2 Ke7 39. Rh1 Kd8 40. Qf6+
Kc8 41. Rh7 1-0

[Event "WA Class 2006 - B Section"]
[Site "Seattle"]
[Date "2006.11.26"]
[Round "5"]
[White "Rasmussen, Ernst"]
[Black "Yang, Matthew"]
[Result "1/2-1/2"]
[WhiteElo "1788"]
[BlackElo "1551"]
[PlyCount "70"]
[EventDate "2006.11.??"]
[Source "Drayton Harriso"]
[SourceDate "2006.12.04"]

1. d4 Nf6 2. Nc3 d5 3. e4 dxe4 4. f3 exf3 5. Nxf3 Bf5 6. Ne5 Nbd7 7. Qf3 e6 8.
Bc4 c6 9. Nxf7 Kxf7 10. Qxf5 Qe7 11. Ne4 Qb4+ 12. Nd2 Qxc4 13. Qxf6+ gxf6 14.
Nxc4 c5 15. Be3 Rc8 16. dxc5 Bxc5 17. Bxc5 Rxc5 18. O-O-O Ke7 19. Ne3 Rg8 20.
Rhe1 Nb6 21. g4 Re5 22. h3 h5 23. gxh5 Rxh5 24. h4 Rd8 25. Rxd8 Kxd8 26. Ng2 e5
27. Re4 Ke7 28. c4 Kd6 29. b4 Nd7 30. Rg4 Rh7 31. a4 b6 32. Ne3 a5 33. bxa5
bxa5 34. Kb2 Nc5 35. Ka3 Kc6 1/2-1/2

[Event "WA Class 2006 - B Section"]
[Site "Seattle"]
[Date "2006.11.25"]
[Round "4"]
[White "Yang, Matthew"]
[Black "Buck, Stephen"]
[Result "1-0"]
[WhiteElo "1551"]
[BlackElo "1718"]
[PlyCount "107"]
[EventDate "2006.11.??"]
[Source "Drayton Harriso"]
[SourceDate "2006.12.04"]

1. e4 c5 2. Nf3 d6 3. d4 cxd4 4. Nxd4 Nf6 5. Nc3 a6 6. Be3 e6 7. f3 Nc6 8. Qd2
Qc7 9. O-O-O b5 10. a3 Bb7 11. g4 h6 12. h4 Nd7 13. Be2 Nde5 14. f4 Nxd4 15.
Bxd4 Nc4 16. Bxc4 Qxc4 17. Rhe1 O-O-O 18. f5 e5 19. Bxe5 f6 20. Bg3 Be7 21. Nd5
Bxd5 22. Qxd5 Qxd5 23. exd5 Rhe8 24. Re6 Bf8 25. c3 Rxe6 26. dxe6 Be7 27. h5
Kb7 28. Kc2 Kc6 29. b4 a5 30. Bh2 Ra8 31. Kb2 a4 32. Kc2 Rd8 33. Rc1 d5 34. Rd1
Kb7 35. Kd3 Kc6 36. Re1 Rc8 37. Bg1 Rd8 38. Ba7 Bd6 39. Kd4 Be5+ 40. Rxe5 fxe5+
41. Kxe5 Rc8 42. Bc5 Re8 43. e7 Kd7 44. f6 gxf6+ 45. Kxf6 Rc8 46. g5 hxg5 47.
h6 g4 48. h7 g3 49. Kg7 g2 50. h8=Q Rxh8 51. Kxh8 g1=Q 52. Bxg1 Kxe7 53. Kg7
Ke6 54. Bd4 1-0

[Event "WA Class 2006 - B Section"]
[Site "Seattle"]
[Date "2006.11.24"]
[Round "2"]
[White "Countryman, Zachary"]
[Black "Yang, Matthew"]
[Result "1-0"]
[WhiteElo "1659"]
[BlackElo "1551"]
[PlyCount "36"]
[EventDate "2006.11.??"]
[Source "Drayton Harriso"]
[SourceDate "2006.12.04"]

1. e4 e6 2. d4 d5 3. Nc3 Nf6 4. Bg5 Be7 5. e5 Nfd7 6. Bxe7 Qxe7 7. f4 c5 8. Nb5
Na6 9. Nd6+ Kf8 10. Nf3 h6 11. c3 Nc7 12. Bd3 a6 13. O-O c4 14. Bc2 Ne8 15.
Nxc8 Rxc8 16. f5 Nc7 17. Nd2 Rg8 18. Qf3 Ke8 1-0

[Event "WA Class 2006 - B Section"]
[Site "Seattle"]
[Date "2006.11.24"]
[Round "1"]
[White "Kelly, Brian"]
[Black "Kolde, Sterling"]
[Result "1/2-1/2"]
[WhiteElo "1697"]
[BlackElo "1595"]
[PlyCount "120"]
[EventDate "2006.11.??"]
[Source "Drayton Harriso"]
[SourceDate "2006.12.04"]

1. Nf3 d5 2. g3 c6 3. Bg2 Nf6 4. O-O Bf5 5. d3 e6 6. Nbd2 h6 7. c4 Be7 8. b3
O-O 9. Bb2 Bh7 10. a3 a5 11. Ra2 c5 12. Qa1 Nc6 13. Ne5 a4 14. Rd1 Qb6 15. b4
cxb4 16. Nxc6 bxc6 17. axb4 Qxb4 18. Bc3 Qb7 19. Rxa4 Rxa4 20. Qxa4 Ra8 21. Qc2
Ra3 22. Bd4 Qa6 23. Rb1 Nd7 24. cxd5 exd5 25. Nb3 Qa4 26. Qc3 Bb4 27. Qc2 c5
28. Be3 c4 29. Nd4 Qxc2 30. Nxc2 Rb3 31. Ra1 Bc3 32. Ra8+ Rb8 33. Rxb8+ Nxb8
34. dxc4 Bxc2 35. Bxd5 Na6 36. c5 Nc7 37. Bc4 Be4 38. Bd3 Bc6 39. f4 Bb4 40. f5
Nd5 41. Bd4 Bc3 42. Bf2 Nf6 43. e4 Nxe4 44. Bxe4 Bxe4 45. g4 Kf8 46. Be3 Ke8
47. Kf2 Kd7 48. Kg3 Bb1 49. Bf4 Kc6 50. Bd6 Kd5 51. Kf4 Bd2+ 52. Kg3 Bd3 53.
Bf8 Bc3 54. h4 Be5+ 55. Kf3 Be4+ 56. Ke3 Bd4+ 57. Kf4 Bd3 58. Kf3 Ke5 59. Bxg7+
f6 60. Bxh6 Bxc5 1/2-1/2

[Event "WA Class 2006 - B Section"]
[Site "Seattle"]
[Date "2006.11.24"]
[Round "1"]
[White "Kriewall, David"]
[Black "Lee, Nathan"]
[Result "0-1"]
[WhiteElo "1621"]
[BlackElo "1712"]
[PlyCount "102"]
[EventDate "2006.11.??"]
[Source "Drayton Harriso"]
[SourceDate "2006.12.04"]

1. e4 c5 2. Nf3 Nc6 3. Bb5 d6 4. O-O a6 5. Bxc6+ bxc6 6. h3 e5 7. d3 Nf6 8.
Nbd2 Be7 9. Nc4 Be6 10. Ne3 O-O 11. g4 h5 12. g5 Nh7 13. h4 g6 14. Nh2 f6 15.
Nf5 fxg5 16. Nxe7+ Qxe7 17. hxg5 Nxg5 18. Bxg5 Qxg5+ 19. Kh1 Qh4 20. Rg1 Bg4
21. Rxg4 hxg4 22. Qxg4 Qxg4 23. Nxg4 Rf4 24. Rg1 Kg7 25. Kh2 Rh8+ 26. Kg3 c4
27. Rd1 cxd3 28. Rxd3 Rh1 29. f3 Rg1+ 30. Kh2 Rc1 31. Rxd6 Rxc2+ 32. Kg3 Rxb2
33. Nxe5 Rf6 34. Rd7+ Kf8 35. Ra7 Ke8 36. Rxa6 Rc2 37. Ra7 c5 38. a4 c4 39. Rg7
c3 40. Rc7 Rd6 41. a5 Rc1 42. Nc4 Rd7 43. Rc8+ Rd8 44. Rc5 c2 45. Kf2 Rf1+ 46.
Kxf1 c1=Q+ 47. Ke2 Qc2+ 48. Ke3 Rd3+ 49. Kf4 Qh2+ 50. Kg4 Qg2+ 51. Kf4 Qxf3+
0-1

[Event "WA Class 2006 - B Section"]
[Site "Seattle"]
[Date "2006.11.24"]
[Round "1"]
[White "Li, Changhe"]
[Black "Schmidt, Martin"]
[Result "1-0"]
[WhiteElo "1626"]
[BlackElo "1760"]
[PlyCount "153"]
[EventDate "2006.11.??"]
[Source "Drayton Harriso"]
[SourceDate "2006.12.04"]

1. e4 c5 2. Nf3 e6 3. d4 cxd4 4. Nxd4 a6 5. Bd3 Nf6 6. O-O Qc7 7. Be3 d5 8. Nd2
e5 9. N4b3 Be7 10. h3 Nc6 11. f4 d4 12. fxe5 dxe3 13. exf6 Bxf6 14. Nc4 O-O 15.
Kh1 b5 16. Nxe3 Bxb2 17. Rb1 Ba3 18. Nd5 Qe5 19. Nd2 Bd6 20. Nf3 Qh5 21. Qd2
Ne5 22. Nf4 Nxf3 23. Rxf3 Qh6 24. Qf2 Bg4 25. Rg3 Be6 26. Rf1 f5 27. Rf3 fxe4
28. Bxe4 Rae8 29. Nxe6 Qxe6 30. Bf5 Qxa2 31. Qd2 Rf6 32. Bxh7+ Kxh7 33. Rxf6
gxf6 34. Qxd6 Qe6 35. Rxf6 Qxd6 36. Rxd6 Ra8 37. Rb6 Kg7 38. g4 Kf7 39. g5 Ke7
40. g6 a5 41. Kg2 a4 42. Rxb5 a3 43. Rb1 a2 44. Ra1 Kf6 45. Kf3 Kxg6 46. Ke4
Kg5 47. Kd4 Kf4 48. Kc3 Ke3 49. Re1+ Kf4 50. Ra1 Ra3+ 51. Kb2 Rxh3 52. Kxa2 Ke5
53. Rd1 Rc3 54. Kb2 Rc5 55. Kb3 Rb5+ 56. Kc4 Rb8 57. Rd5+ Ke4 58. c3 Rc8+ 59.
Rc5 Rb8 60. Rc6 Rb2 61. Kc5 Rc2 62. c4 Ke5 63. Rc7 Ke6 64. Kb6 Rb2+ 65. Kc6 Rc2
66. c5 Rb2 67. Rc8 Rb3 68. Kc7 Rc3 69. c6 Kd5 70. Rd8+ Ke6 71. Rd6+ Ke7 72. Rh6
Rc1 73. Kc8 Rc2 74. c7 Rc3 75. Rb6 Rc2 76. Kb8 Kd7 77. Rb7 1-0

[Event "WA Class 2006 - B Section"]
[Site "Seattle"]
[Date "2006.11.24"]
[Round "1"]
[White "Li, William"]
[Black "Countryman, Zachary"]
[Result "0-1"]
[WhiteElo "1525"]
[BlackElo "1659"]
[PlyCount "74"]
[EventDate "2006.11.??"]
[Source "Drayton Harriso"]
[SourceDate "2006.12.04"]

1. e4 c5 2. Nf3 d6 3. d4 cxd4 4. Nxd4 Nf6 5. Nc3 a6 6. f3 e6 7. Be2 Be7 8. Be3
b5 9. Qd2 Bb7 10. Nb3 Nfd7 11. Bf4 b4 12. Na4 e5 13. Be3 Bc6 14. Qxb4 d5 15.
Nac5 d4 16. Bd2 Nxc5 17. Nxc5 Nd7 18. Nb7 Bxb4 19. Nxd8 Bxd2+ 20. Kxd2 Kxd8 21.
Rac1 Bb5 22. Bxb5 axb5 23. a3 Nc5 24. b4 Na4 25. Kd3 Ke7 26. f4 Nb2+ 27. Ke2
exf4 28. Kf3 g5 29. e5 Rxa3+ 30. Ke4 Rd8 31. Kf5 h6 32. h4 Rd5 33. hxg5 hxg5
34. Kxg5 Rxe5+ 35. Kxf4 Rae3 36. g4 Ke6 37. Rh6+ f6 0-1

[Event "WA Class 2006 - B Section"]
[Site "Seattle"]
[Date "2006.11.24"]
[Round "2"]
[White "Lessler, Peter"]
[Black "Kelly, Brian"]
[Result "0-1"]
[WhiteElo "1482"]
[BlackElo "1697"]
[PlyCount "104"]
[EventDate "2006.11.??"]
[Source "Drayton Harriso"]
[SourceDate "2006.12.04"]

1. e4 d5 2. exd5 Nf6 3. d4 Nxd5 4. c4 Nb6 5. Nc3 Bf5 6. Nf3 e6 7. Be2 Be7 8.
Bf4 c6 9. O-O O-O 10. Re1 Bf6 11. Ne5 N8d7 12. Bf1 Qe7 13. Nxd7 Qxd7 14. Be5
Qe7 15. Bxf6 Qxf6 16. Ne4 Bxe4 17. Rxe4 Rfd8 18. Qg4 c5 19. dxc5 Qxb2 20. Ree1
Nd7 21. Qg5 Qd4 22. Rad1 Qxc5 23. Qh4 Nf6 24. Bd3 h6 25. Re3 Qh5 26. Qxh5 Nxh5
27. Re2 Kf8 28. Red2 Ke7 29. Be4 Rxd2 30. Rxd2 Rb8 31. Rb2 b6 32. c5 Rc8 33. c6
Nf6 34. Bf3 Nd5 35. g3 Kd6 36. Rb3 Rxc6 37. Ra3 a5 38. Be2 Rc3 39. Ra4 Rc1+ 40.
Kg2 Nc3 41. Rd4+ Ke5 42. Rd2 Nxe2 43. Rxe2+ Kd6 44. Rd2+ Kc7 45. Kf3 b5 46. Rb2
b4 47. Ke2 Rc3 48. Kd2 Kc6 49. a4 Kc5 50. Rb1 Kd4 51. f4 g6 52. Kd1 Kc5 0-1

[Event "WA Class 2006 - B Section"]
[Site "Seattle"]
[Date "2006.11.24"]
[Round "2"]
[White "Schmidt, Martin"]
[Black "Kriewall, David"]
[Result "1-0"]
[WhiteElo "1760"]
[BlackElo "1621"]
[PlyCount "61"]
[EventDate "2006.11.??"]
[Source "Drayton Harriso"]
[SourceDate "2006.12.04"]

1. e4 e6 2. d4 d5 3. Nd2 Be7 4. c3 c5 5. exd5 exd5 6. Ngf3 Nf6 7. dxc5 Bxc5 8.
Nb3 Bb6 9. Bb5+ Nc6 10. O-O O-O 11. Bg5 a6 12. Bd3 Bg4 13. Re1 Qd6 14. Bc2 Bc7
15. Bxf6 Qxf6 16. Qd3 g6 17. Qxd5 Rad8 18. Qg5 Qxg5 19. Nxg5 Rd5 20. Ne4 Kg7
21. Nec5 Bb6 22. Nxb7 Rb8 23. Be4 Ne7 24. Bxd5 Nxd5 25. h3 Be6 26. N7c5 Bc8 27.
Rad1 Nf6 28. Rd2 a5 29. Ne4 Be6 30. Nbc5 Bxa2 31. Nxf6 1-0

[Event "WA Class 2006 - B Section"]
[Site "Seattle"]
[Date "2006.11.24"]
[Round "2"]
[White "Dillingham, Gregg"]
[Black "Buck, Stephen"]
[Result "0-1"]
[WhiteElo "1637"]
[BlackElo "1718"]
[PlyCount "70"]
[EventDate "2006.11.??"]
[Source "Drayton Harriso"]
[SourceDate "2006.12.04"]

1. e4 c5 2. Nf3 d6 3. d4 cxd4 4. Nxd4 Nf6 5. Nc3 a6 6. Bg5 e6 7. f4 Be7 8. Bc4
Nc6 9. Bb3 O-O 10. Qd3 Qc7 11. O-O-O Rd8 12. h4 Nxd4 13. Qxd4 b5 14. Qe3 Bb7
15. h5 h6 16. Rdf1 b4 17. Bxf6 Bxf6 18. Ne2 a5 19. Nd4 Qc5 20. c3 a4 21. Bd1
Rdc8 22. Kd2 bxc3+ 23. bxc3 Bxd4 24. cxd4 Qc1+ 25. Ke2 Ba6+ 26. Kf2 Bxf1 27.
Rxf1 Qxe3+ 28. Kxe3 Rc3+ 29. Kd2 Ra3 30. g4 Rxa2+ 31. Kc3 Rc8+ 32. Kb4 Rc1 33.
Be2 Rxf1 34. Bxf1 a3 35. f5 Rf2 0-1

[Event "WA Class 2006 - B Section"]
[Site "Seattle"]
[Date "2006.11.24"]
[Round "2"]
[White "Li, William"]
[Black "Wang, Michael"]
[Result "1-0"]
[WhiteElo "1525"]
[BlackElo "1659"]
[PlyCount "75"]
[EventDate "2006.11.??"]
[Source "Drayton Harriso"]
[SourceDate "2006.12.04"]

1. e4 c5 2. Nf3 Nc6 3. d4 cxd4 4. Nxd4 g6 5. Nc3 Bg7 6. Be3 Nf6 7. f3 O-O 8.
Bc4 d6 9. Qd2 Qc7 10. Bb3 a6 11. O-O-O Bd7 12. Nde2 b5 13. Bh6 Be6 14. h4 Ne5
15. h5 Bxb3 16. axb3 Rac8 17. Bxg7 Kxg7 18. hxg6 fxg6 19. Nd5 Nxd5 20. exd5 Kg8
21. Nd4 Rf7 22. Ne6 Qb6 23. Kb1 Nd7 24. Rde1 Nf6 25. Qh6 Qf2 26. c3 Nxd5 27.
Ng5 Nxc3+ 28. Ka1 Rg7 29. Nxh7 Na4 30. bxa4 Rc2 31. Ng5 Kf8 32. Qh8+ Rg8 33.
Ne6+ Ke8 34. Qxg8+ Kd7 35. Qd8+ Kc6 36. Qc7+ Kd5 37. Nf4+ Kd4 38. Re4# 1-0

[Event "WA Class 2006 - B Section"]
[Site "Seattle"]
[Date "2006.11.25"]
[Round "4"]
[White "Kolde, Sterling"]
[Black "Lee, Nathan"]
[Result "1/2-1/2"]
[WhiteElo "1595"]
[BlackElo "1712"]
[PlyCount "53"]
[EventDate "2006.11.??"]
[Source "Drayton Harriso"]
[SourceDate "2006.12.04"]

1. Nf3 c5 2. c3 Nc6 3. d4 cxd4 4. cxd4 d5 5. Nc3 Nf6 6. Bf4 Bf5 7. e3 a6 8. Rc1
e6 9. Bd3 Bg6 10. Ne5 Nxe5 11. Bxe5 Bxd3 12. Qxd3 Bd6 13. Bxd6 Qxd6 14. a3 O-O
15. O-O Rac8 16. Rc2 Rc6 17. Rfc1 Rfc8 18. Na4 Nd7 19. b4 Rxc2 20. Rxc2 Rxc2
21. Qxc2 Qc6 22. Qxc6 bxc6 23. Kf1 Kf8 24. Ke2 Ke7 25. Kd3 f6 26. Kc3 Kd6 27.
Nc5 1/2-1/2

[Event "WA Class 2006 - B Section"]
[Site "Seattle"]
[Date "2006.11.25"]
[Round "3"]
[White "Allen, Robert"]
[Black "Li, Changhe"]
[Result "0-1"]
[WhiteElo "1788"]
[BlackElo "1626"]
[PlyCount "55"]
[EventDate "2006.11.??"]
[Source "Drayton Harriso"]
[SourceDate "2006.12.04"]

1. d4 d5 2. c4 c6 3. Nc3 Nf6 4. Nf3 dxc4 5. a4 Bf5 6. e3 e6 7. Bxc4 Bb4 8. O-O
O-O 9. Ne5 Nbd7 10. Nd3 Bd6 11. Qe2 Nb6 12. Ba2 Bxh2+ 13. Kh1 Bc7 14. f3 Nh5
15. Kg1 Ng3 16. Qd1 Nxf1 17. Kxf1 Qh4 18. Ke2 Qh2 19. Qf1 e5 20. e4 exd4 21.
exf5 dxc3 22. bxc3 Rfe8+ 23. Kd2 Rad8 24. Kc2 Nd5 25. Bg5 Ne3+ 26. Bxe3 Rxe3
27. Nc5 Qe5 28. Ne4 0-1

[Event "WA Class 2006 - B Section"]
[Site "Seattle"]
[Date "2006.11.25"]
[Round "3"]
[White "Kelly, Brian"]
[Black "Li, Changhe"]
[Result "1-0"]
[WhiteElo "1697"]
[BlackElo "1626"]
[PlyCount "144"]
[EventDate "2006.11.??"]
[Source "Drayton Harriso"]
[SourceDate "2006.12.04"]

1. Nf3 d5 2. g3 c6 3. Bg2 Nf6 4. d3 Nbd7 5. O-O e5 6. Nbd2 b5 7. e4 d4 8. Ne1
Nb6 9. f4 Ng4 10. Nb3 a5 11. h3 a4 12. hxg4 axb3 13. cxb3 Bd6 14. Qc2 Bb7 15.
Nf3 f6 16. Qf2 O-O 17. g5 f5 18. Nh4 fxe4 19. Bxe4 exf4 20. gxf4 Nd7 21. Qf3 g6
22. Bxc6 Bxc6 23. Qxc6 Qc7 24. Qd5+ Rf7 25. Qe4 Raf8 26. Ng2 Nc5 27. Qf3 Ne6
28. Qd5 Nc5 29. Rf3 Qb7 30. Qxb7 Rxb7 31. Bd2 Re8 32. Kf2 Ra7 33. a3 Nxb3 34.
Rd1 Rae7 35. Kg3 Re2 36. Rf2 Kf7 37. Kf3 Rxf2+ 38. Kxf2 Re7 39. Kf3 Ke8 40. Nh4
Rf7 41. Ng2 Re7 42. Be1 Rc7 43. Nh4 Be7 44. Bb4 Bxb4 45. axb4 Rc2 46. Re1+ Kf7
47. Re2 Rc1 48. Ke4 Ra1 49. Nf3 Ra4 50. Ne5+ Ke6 51. Nc6 Kd6 52. Na5 Nxa5 53.
bxa5 Rxa5 54. Kxd4 Ra4+ 55. Ke3 Kd5 56. Rh2 Ra7 57. Kd2 Rc7 58. Re2 b4 59. Re5+
Kc6 60. d4 Kb6 61. Kd3 Rf7 62. Ke4 Rc7 63. Kd3 Rf7 64. Re4 Rc7 65. d5 Kb5 66.
Rd4 Rd7 67. d6 Kc5 68. b3 Kc6 69. Kc4 Rxd6 70. Rxd6+ Kxd6 71. Kxb4 Ke6 72. Kc4
h5 1-0